| 000 | 00452nam a2200157 i 4500 | ||
|---|---|---|---|
| 001 | 21179 | ||
| 003 | ES-MaACL | ||
| 005 | 20230906152432.0 | ||
| 007 | t| | ||
| 008 | 021121s1969 sp ||||1| spa d | ||
| 100 | 1 |
_aAlbaladejo, Manuel. _919218 |
|
| 245 | 1 | 3 |
_aEl albaceazgo en el Derecho español (común y catalán) / _cManuel Albaladejo. |
| 260 |
_aMadrid : _bTecnos, _c[1969] |
||
| 300 |
_a740 p. ; _c22 cm. |
||
| 852 |
_aES-MaACL _jC-36069 _bR.69037 |
||
| 999 |
_c21179 _d21179 |
||